Relativistic Astrophysics and pticle cosmology (Record no. 11368)

MARC details
000 -LEADER
fixed length control field 00914nam a2200205Ia 4500
003 - CONTROL NUMBER IDENTIFIER
control field IN-BaIIA
008 - FIXED-LENGTH DATA ELEMENTS--GENERAL INFORMATION
fixed length control field 211028s9999 xx 000 0 eng d
020 ## - INTERNATIONAL STANDARD BOOK NUMBER
International Standard Book Number 0-89766-805-7
040 ## - CATALOGING SOURCE
Transcribing agency IIA Library
080 ## - UNIVERSAL DECIMAL CLASSIFICATION NUMBER
Universal Decimal Classification number 524.834(082.1)
Item number REL
111 ## - MAIN ENTRY--MEETING NAME
Meeting name or jurisdiction name as entry element Texas Symposium TEXAS/PASCOS 92 on Relativistic Astrophysics and pticle Cosmology
Number of part/section/meeting 16th
Location of meeting California
Date of meeting or treaty signing 1992 Dec. 13-18
9 (RLIN) 19552
245 #0 - TITLE STATEMENT
Title Relativistic Astrophysics and pticle cosmology
Remainder of title proceedings of the 16th Texas Symposium TEXAS/PASCOS 92 on Relativistic Astrophysics and pt.icle cosmology, held in California, U.S.A., 13-18 Dec 1992
Statement of responsibility, etc. edited by C. W Akerlof and M. A. Srednicki
260 ## - PUBLICATION, DISTRIBUTION, ETC.
Place of publication, distribution, etc. New York
Name of publisher, distributor, etc. New York Academy of Sciences
Date of publication, distribution, etc. 1993
300 ## - PHYSICAL DESCRIPTION
Extent [various pagings.]
650 ## - SUBJECT ADDED ENTRY--TOPICAL TERM
Topical term or geographic name entry element pticle cosmology
9 (RLIN) 19553
650 ## - SUBJECT ADDED ENTRY--TOPICAL TERM
Topical term or geographic name entry element Relativistic Astrophysics
9 (RLIN) 6801
700 ## - ADDED ENTRY--PERSONAL NAME
Personal name Akerlof, C. W., ed.
9 (RLIN) 19554
700 ## - ADDED ENTRY--PERSONAL NAME
Personal name Srednicki, M. A., ed.
9 (RLIN) 19555
942 ## - ADDED ENTRY ELEMENTS (KOHA)
Koha item type Books
Holdings
Withdrawn status Lost status Damaged status Not for loan Home library Current library Shelving location Date acquired Total Checkouts Full call number Barcode Date last seen Price effective from Koha item type
        IIA Library-Bangalore IIA Library-Bangalore General Stacks 25/09/1995   524.834(082.1)/ REL 12283 05/11/2021 25/09/1995 Books

Powered by Koha